Psychology and the Human Dilemma / (Record no. 616740)
[ view plain ]
| 000 -LEADER | |
|---|---|
| fixed length control field | 00361nam a22001337a 4500 |
| 020 ## - INTERNATIONAL STANDARD BOOK NUMBER | |
| Qualifying information | PB. |
| 040 ## - CATALOGING SOURCE | |
| Transcribing agency | Fizza Ishaq |
| 082 ## - DEWEY DECIMAL CLASSIFICATION NUMBER | |
| Classification number | 150 |
| Author Mark | ROL |
| 100 ## - MAIN ENTRY--PERSONAL NAME | |
| Personal name | May, Rollo. |
| 9 (RLIN) | 133779 |
| 245 ## - TITLE STATEMENT | |
| Title | Psychology and the Human Dilemma / |
| Statement of responsibility, etc. | Rollo May. |
| 260 ## - PUBLICATION, DISTRIBUTION, ETC. | |
| Place of publication, distribution, etc. | New York ; |
| Name of publisher, distributor, etc. | Van Nostrand Reinhold Trade, |
| Date of publication, distribution, etc. | 1961. |
| 300 ## - PHYSICAL DESCRIPTION | |
| Extent | 221 p. ; |
| Dimensions | 8.1x5.5x.5 inches |
| 942 ## - ADDED ENTRY ELEMENTS (KOHA) | |
| Source of classification or shelving scheme | |
| Koha item type | Book |
| Withdrawn status | Lost status | Source of classification or shelving scheme | Damaged status | Not for loan | Permanent Location | Current Location | Shelving location | Date acquired | Total Checkouts | Full call number | Barcode | Date last seen | Price effective from | Koha item type |
|---|---|---|---|---|---|---|---|---|---|---|---|---|---|---|
| NUST Baluchistan Campus (NBC) | NUST Baluchistan Campus (NBC) | General Stacks | 03/30/2026 | 150 ROL | QD-755 | 03/30/2026 | 03/30/2026 | Book |
